Statistics for US shrinking cities based on decline from peak population to current

Click here to take the quiz!

General Stats

  • This quiz has been taken 44 times
  • The average score is 5 of 10

Answer Stats

Decline%Answer% Correct
61.4Detroit
98%
56.6Cleveland
90%
62.7St Louis
78%
54.8Pittsburgh
78%
53.4Buffalo
73%
48.0Flint
38%
60.6Youngstown
30%
55.0Gary
30%
46.9Scranton
15%
51.0Niagara Falls
10%

Score Distribution

Percentile by Number Answered

Percent of People with Each Score

Your Score History

You have not taken this quiz